Southville International School and Colleges
Your cart is empty.
  • Cart
  • Lists
    Public lists Eva Luna New books Lux_list list_1
    Your lists Log in to create your own lists
  • Log in to your account
  • Your cookies
  • Search history
Southville International School and Colleges
  • Advanced search
  • Recent comments
  • Most popular
  • Libraries

Log in to your account

Log in with GOOGLE


If you do not have an external account, but do have a local account, you can still log in:

  1. Home
  2. MARC view: Slow boats to China /
Normal view MARC view ISBD view

Slow boats to China / (Record no. 9537)

[ view plain ]
MARC details
000 -LEADER
fixed length control field 00777cam a2200277 a 4500
001 - CONTROL NUMBER
control field 4213771
003 - CONTROL NUMBER IDENTIFIER
control field OSt
005 - DATE AND TIME OF LATEST TRANSACTION
control field 20140310182121.0
008 - FIXED-LENGTH DATA ELEMENTS--GENERAL INFORMATION
fixed length control field 820706s1981 enka 000 0aeng
010 ## - LIBRARY OF CONGRESS CONTROL NUMBER
LC control number 81166503
020 ## - INTERNATIONAL STANDARD BOOK NUMBER
International Standard Book Number 0091460506 :
Terms of availability £8.95
040 ## - CATALOGING SOURCE
Original cataloging agency DLC
Transcribing agency DLC
Modifying agency DLC
043 ## - GEOGRAPHIC AREA CODE
Geographic area code e-uk---
050 00 - LIBRARY OF CONGRESS CALL NUMBER
Classification number G 490
Item number .Y63 1983
082 00 - DEWEY DECIMAL CLASSIFICATION NUMBER
Classification number HS 931.01
Item number .Yo7 1980
100 1# - MAIN ENTRY--PERSONAL NAME
Personal name Young, Gavin,
Dates associated with a name 1928-
9 (RLIN) 14033
245 10 - TITLE STATEMENT
Title Slow boats to China /
Statement of responsibility, etc Gavin Young ; illustrations by Salim.
260 ## - PUBLICATION, DISTRIBUTION, ETC. (IMPRINT)
Place of publication, distribution, etc London :
Name of publisher, distributor, etc Hutchinson,
Date of publication, distribution, etc 1981.
300 ## - PHYSICAL DESCRIPTION
Extent 488 p. :
Other physical details ill. ;
Dimensions 20 cm.
541 ## - IMMEDIATE SOURCE OF ACQUISITION NOTE
-- 1
562 ## - COPY AND VERSION IDENTIFICATION NOTE
Number of copies 1
600 10 - SUBJECT ADDED ENTRY--PERSONAL NAME
Personal name Young, Gavin,
Dates associated with a name 1928-
9 (RLIN) 14034
650 #0 - SUBJECT ADDED ENTRY--TOPICAL TERM
Topical term or geographic name as entry element China,
General subdivision History.
9 (RLIN) 14035
906 ## - LOCAL DATA ELEMENT F, LDF (RLIN)
a 7
b cbc
c orignew
d 3
e ncip
f 19
g y-gencatlg
942 ## - ADDED ENTRY ELEMENTS (KOHA)
Source of classification or shelving scheme Library of Congress Classification
Koha item type
Holdings
Withdrawn status Lost status Source of classification or shelving scheme Damaged status Home library Current library Shelving location Date acquired Total Checkouts Full call number Barcode Date last seen Copy number Price effective from Koha item type
    Library of Congress Classification   Luxembourg Library Luxembourg Library High School Section 08/27/2013   G 490 .Y63 1983 7059 05/27/2015 1 08/27/2013 Books

Slow boats to China /

APA

Young G., . (1981). Slow boats to China. London: Hutchinson.

Chicago

Young Gavin, . 1981. Slow boats to China. London: Hutchinson.

Harvard

Young G., . (1981). Slow boats to China. London: Hutchinson.

MLA

Young Gavin, . Slow boats to China. London: Hutchinson. 1981.

  • Place hold
  • Print
  • Cite
  • Add to your cart (remove)
  • Save record
    BIBTEX Dublin Core MARCXML MARC (non-Unicode/MARC-8) MARC (Unicode/UTF-8) MARC (Unicode/UTF-8, Standard) MODS (XML) RIS
  • More searches
    Search for this title in:
    Other Libraries (WorldCat) Other Databases (Google Scholar) Online Stores (Bookfinder.com) Open Library (openlibrary.org)

Exporting to Dublin Core...

SOUTHVILLE LIBRARY

Southville International School and Colleges Library

1281 Tropical Ave. Cor. Luxembourg St., BF Homes International, Las Pinas City

Tel. No. 8256374 / 252358 Loc. 117/146

Powered by Koha